Código civil declarado vigente por el H. Congreso del Estado el 14 de diciembre de 1887

Detalles Bibliográficos
Autor Corporativo: Oaxaca (México). Código civil
Otros Autores: Pérez Ortiz, Manuel
Formato: Libro
Lenguaje:Spanish
Publicado: Oaxaca : imprenta del Estado, en la 2° calle de Murguía número 9, 1892.
Edición:Segunda edición. Aumentada con un índice alfabético formado por el C. Lic. Manuel Pérez Ortiz, con aprobación del Superior Gobierno del Estado
Materias:
Colección:Banco de datos
Acervo:Universidad Autónoma Benito Juárez de Oaxaca. Biblioteca Francisco de Burgoa. Colección histórica
Descripción Física:[1] h., VI, 434 p., [14] h. ; 20 cm.
Tema general:Derecho civil
Notas:Portada tipográfica con plecas. Texto a renglón seguido con paginación en números arábigos y romanos, cornisas y signaturas. Encuadernación en piel sobre cartón. Ex libris en estampa de los Hnos. Unda 1° calle de la Libertad 5. Apartado Postal 27. Oax. Anotaciones manuscritas a lo largo del libro y al final del libro. Sello en tinta de Heliodoro Díaz Quintas. Testigo: Portada de otro libro, al final de la obra
LEADER 01510nam a22002170004500
035 |a 1617 
041 0 |a spa 
110 1 |a Oaxaca (México). Código civil 
245 1 0 |a Código civil declarado vigente por el H. Congreso del Estado el 14 de diciembre de 1887 
250 |a Segunda edición. Aumentada con un índice alfabético formado por el C. Lic. Manuel Pérez Ortiz, con aprobación del Superior Gobierno del Estado 
260 |a Oaxaca : imprenta del Estado, en la 2° calle de Murguía número 9, 1892. 
300 |a [1] h., VI, 434 p., [14] h. ; 20 cm.  
500 |a Portada tipográfica con plecas. Texto a renglón seguido con paginación en números arábigos y romanos, cornisas y signaturas. Encuadernación en piel sobre cartón. Ex libris en estampa de los Hnos. Unda 1° calle de la Libertad 5. Apartado Postal 27. Oax. Anotaciones manuscritas a lo largo del libro y al final del libro. Sello en tinta de Heliodoro Díaz Quintas. Testigo: Portada de otro libro, al final de la obra  
504 |a Al final de la obra están el índice de materias y el índice alfabético del código civil 
505 0 0 |a Suplemento al núm. 37 del "Periódico Oficial" 
650 1 0 |a Derecho civil 
700 1 |a Pérez Ortiz, Manuel  
852 |a Universidad Autónoma "Benito Juárez" de Oaxaca, Biblioteca Francisco de Burgoa, Colección histórica 12571 
942 |c BURHIS 
943 |g Universidad Autónoma Benito Juárez de Oaxaca. Biblioteca Francisco de Burgoa. Colección histórica 
999 |c 1120119  |d 1120119